000 01008nam a2200229 a 4500
003 AM-YeHGA
040 _aAM-YeHGA
090 _c433988
005 20250617155355.0
008 180530s1953 ru a||||r|||||000|0|rus|d
041 0 _arus
245 0 0 _aВязьма /
_cД.П. Маковский, В.С. Орлов и др.
260 _a[Смоленск] :
_bСмол. кн. изд-во,
_c1953.
300 _a171 с. :
_bил. ;
_c21 см.
490 1 _aГорода Смоленщины : Очерки по истории городов Смол. обл. с древнейших времен до наших дней
650 1 4 _aИстория России
653 0 _aВязьма - История
700 1 _aМаковский, Даниил Павлович
700 1 _aОрлов, В.С.
830 0 _aГорода Смоленщины : Очерки по истории городов Смол. обл. с древнейших времен до наших дней
942 _2udc
_cBK
999 _c431413
_d431413